LEADER 00924nam0-22003491i-450- 001 990001433620403321 010 $a0-387-98437-2 035 $a000143362 035 $aFED01000143362 035 $a(Aleph)000143362FED01 035 $a000143362 100 $a--------d--------km-y0itay50------ba 101 0 $aeng 200 1 $a<>geometrical picture book$fBurkard Polster 210 $aNew York$cSpringer-Verlag$dc1998 215 $axx, 291 p.$cill.$d25 cm 225 1 $aUniversitext 610 0 $aGeometria 610 0 $aGeometria finita combinatoria 610 0 $aGeometria topologica 676 $a516.12 700 1$aPolster,$bBurkard$061927 801 0$aIT$bUNINA$gRICA$2UNIMARC 901 $aBK 912 $a990001433620403321 952 $aC-6-(97$b16175$fMA1 959 $aMA1 962 $a51-01 962 $a51-02 962 $a05B25 996 $aGeometrical picture book$9374819 997 $aUNINA LEADER 01677nam0 22003853i 450 001 SBL0595321 005 20231121125828.0 020 $aIT$b748629 100 $a20050215d1974 ||||0itac50 ba 101 | $aita$cita 102 $ait 181 1$6z01$ai $bxxxe 182 1$6z01$an 200 1 $aAttualitą del materialismo dialettico$fE. Bellone ... [et al.] 210 $aRoma$cEditori riuniti$d1974 215 $a188 p.$d22 cm 225 | $aNuova biblioteca di cultura$v126 410 0$1001CFI0004925$12001 $aNuova biblioteca di cultura$v126 500 11$aAttualita del materialismo dialettico$3RLZ0092255$9324170 606 $aFilosofia$2FIR$3RMLC001456$9I 606 $aMaterialismo dialettico$2FIR$3RMLC068138$9I 676 $a146.32$9MATERIALISMO DIALETTICO$v21 702 1$aBellone$b, Enrico$3CFIV063282 801 3$aIT$bIT-01$c20050215 850 $aIT-RM0418 $aIT-RM1248 $aIT-RM0460 $aIT-RM1437 $aIT-FR0017 899 $aBIBLIOTECA ACCADEMIA NAZ. DEI LINCEI E CORSINIANA$bRM0418 899 $aBiblioteca Della Fondazione Pietro Nenni$bRM1248 899 $aBiblioteca Dell' Archivio Centrale Dello Stato$bRM0460 899 $aBiblioteca Fondazione Nevol Querci - ASIS -$bRM1437 899 $aBiblioteca umanistica Giorgio Aprea$bFR0017 $eN 912 $aSBL0595321 950 0$aBiblioteca umanistica Giorgio Aprea$d 52DES 146 Bel.Att.$e 52SBA0000183635 VMB RS $fA $h20150514$i20150514 977 $a 10$a 23$a 27$a 34$a 52 996 $aAttualitą del materialismo dialettico$9324170 997 $aUNICAS